Responses for show #7433 - Wednesday, December 28, 2016

Contestants

Justin Scace, a writer and editor from East Lyme, Connecticut

Mike Lamar, an OB/GYN from Wichita Falls, Texas

Stephanie Schlatter, a stay-at-home parent from Toledo, Ohio (whose 2-day cash winnings total $18,802)

Jeopardy! Round responses

ON SIRIUSXM RADIO
KNOWLEDGE ABOUT COLLEGE
IT'S AN EMERGENCY!
THEY SAID IT WITH FLOWERS
HISTORIC HOMES
BLENDED WORDS
    $200 26
Entertainment Weekly

Stephanie
    $200 11
Johns Hopkins University

Mike
    $200 6
a tsunami

Stephanie
    $200 16
a rose is a rose is a rose

Mike
    $200 21
Martin Luther King

Stephanie
    $200 1
a bromance

Justin
    $400 27
the 1980s

Stephanie
    $400 12
Dartmouth

Justin
    $400 7
(Alex: Doctor gets it, good.)

a stroke

Mike
    $400 17
violets

Stephanie
    $400 22
Molly Brown

Justin
    $400 2
hizzoner

Mike
    $600 28
Howard Stern

Justin
    $2,000 13
(Justin: What is Auburn?)

Stanford University

Justin
    $600 8
a smoke alarm

Mike
    $600 18
daisy

Mike
    $600 23
Mark Twain

Justin
    $600 3
a slider and a curveball

Justin
    $800 29
Garth Brooks

Triple Stumper
    $800 14
Athens

Stephanie
    $800 9
a tracheotomy

Stephanie
    $800 19
poppies

Justin
    $800 24
(Mike: Who is Faulkner?)

Andrew Jackson

StephanieMike
    $800 4
a mocktail

Justin
    $1000 30
The Coffee House

Stephanie
    $1000 15
Brandeis University

Triple Stumper
    $1000 10
(Stephanie: What is carbon monoxide?)

a natural gas leak

Stephanie
Triple Stumper
    $1000 20
daffodils

Mike
    $1000 25
(John) Wesley

Stephanie
    $1000 5
a burkini

Mike

Scores at the first commercial break (after clue 15):

Stephanie Mike Justin
$800 $2,600 $0

Scores at the end of the Jeopardy! Round:

Stephanie Mike Justin
$4,800 $3,600 $2,400

Double Jeopardy! Round responses

U.S. HISTORY
TITLE CHARACTERS
ITALIAN GEOGRAPHY
ANTE "BELL" UM
(Alex: Each correct response will have those four letters--B-E-L-L, and will come before "bellum" in the dictionary.)
BILLY IDOL
MANET/MONET
    $400 6
a blackout

Justin
    $400 1
MacGyver

Justin
    $400 23
Sicily

Stephanie
    $400 11
to bellow

Mike
    $400 18
Billy Joel

Justin
    $400 16
the Civil War

Triple Stumper
    $800 7
(Meriwether) Lewis

Justin
    $800 2
Alice

Stephanie
    $800 24
(Justin: What is Switzerland?)

Austria

MikeJustin
    $800 12
the bellhop (or bellboy)

Stephanie
    $800 19
Billy Graham

Mike
    $800 17
"The Raven"

Stephanie
    $2,000 8
Seminole

Justin
    $1200 3
Rhoda and Phyllis

Triple Stumper
    $1200 25
the Tiber

Mike
    $1200 13
belladonna

Mike
    $1200 20
Billy the Kid

Mike
    $1200 28
the grass

Stephanie
    $1600 9
the Bering Sea

Triple Stumper
    $1600 4
Llewyn Davis

Justin
    $2,000 26
the Piedmont

Mike
    $1600 14
belles-lettres

Triple Stumper
    $1600 21
Billy Budd

Stephanie
    $1600 29
Water Lilies

Stephanie
    $2000 10
Dumbarton Oaks

Triple Stumper
    $2000 5
Captain Tony Nelson

Triple Stumper
    $2000 27
(Stephanie: What is Naples?)

Genoa

Stephanie
Triple Stumper
    $2000 15
a Bell's palsy

Mike
    $2000 22
Billy Sunday

Mike
    $2000 30
the Folies Bergère

Mike

Scores at the end of the Double Jeopardy! Round:

Stephanie Mike Justin
$10,000 $17,200 $7,200

[wagering suggestions for these scores]

Final Jeopardy! Round responses

FICTIONAL PLACES
(Alex: It's from a famous work by C.S. Lewis.)
...
(Alex: [To Justin] From The Lion, the Witch and the Wardrobe.)
JustinWhat is Narnia?
$7,200
StephanieWhat is Nod?
$9,998
MikeWhat is Neverland
$3,000
Narnia

Final scores:

Stephanie Mike Justin
$2 $14,200 $14,400
3rd place: $1,000 2nd place: $2,000 New champion: $14,400

Game dynamics:

Coryat scores:

Stephanie Mike Justin
$10,000 $16,800 $8,400
17 R,
2 W
18 R
(including 1 DD),
1 W
14 R
(including 1 DD),
2 W
(including 1 DD)

Combined Coryat: $35,200

The J! Archive is created by fans, for fans. The Jeopardy! game show and all elements thereof, including but not limited to copyright and trademark thereto, are the property of Jeopardy Productions, Inc. and are protected under law. This website is not affiliated with, sponsored by, or operated by Jeopardy Productions, Inc. Join the discussion at JBoard.tv.